01327cam a22003015a 45000010009000000050017000090080041000260200029000670400033000960820020001291000030001492450095001792500013002742600060002873000048003475000024003955040041004195200261004605900017007216500030007386500026007686500028007946530021008226550024008439420008008679990017008759520133008921820775520150610143050.0140701t2015 flua frb 001 0 eng d a9781466551602 (hardback) aDLCbengcDLCdDLCdEG-ScBUE04a620.86222bBAH1 aBahr, Nicholas J.,93814310aSystem safety engineering and risk assessment :ba practical approach /cNicholas J. Bahr. a2nd ed.  aBoca Raton : bCRC Press / Taylor & Francis, cc.2015.  axxvii, 407 p. :bill. (some col.) ;c25 cm. aIndex : p. 397-407. aIncludes bibliographical references. a"We all know that safety should be an integral part of the systems that we build and operate. The public demands that they are protected from accidents, yet the two constituencies--industry and government--don't always know how to reach this common goal"-- aSara elBakry 0aIndustrial safety.2BUEsh 0aSystem safety.2BUEsh 0aRisk assessment.2BUEsh bENGGENcJune2015 vreading book934232 2ddc c19532d19504 00102ddc40708BaccahaMAINbMAINc1STd2015-06-09epurchasel2m2o620.86 BAHp000038497r2025-07-15 00:00:00s2019-09-28yBB